Sports Quiz

Random Sports or Football Quiz

NFL Leading Rusher in the Super Bowl Quiz Stats

 Plays Quiz Updated Feb 7, 2021

Support Sporcle.
Go Orange.
Score 0/55 Timer 10:00
0 Plays Today
Super Bowl Player % Correct
27Emmitt Smith
89.1%
28Emmitt Smith
89.1%
22Timmy Smith
88.5%
36Antowain Smith
88.4%
38Antowain Smith
88.4%
49Marshawn Lynch
87.8%
40Shaun Alexander
80.7%
32Terrell Davis
80.4%
33Terrell Davis
80.4%
11Clarence Davis
79.8%
47Frank Gore
79%
55Leonard Fournette
76.1%
44Joseph Addai
75.1%
35Jamal Lewis
72.7%
50C.J. Anderson
72.2%
34Eddie George
71%
54Damien Williams
70.7%
42Ahmad Bradshaw
69.8%
20Walter Payton
68%
25Thurman Thomas
67.9%
6Duane Thomas
67.5%
51Devonta Freeman
67.1%
43Willie Parker
66.8%
46Ahmad Bradshaw
66.3%
9Franco Harris
64.1%
10Franco Harris
64.1%
18Marcus Allen
62.9%
39Corey Dillon
61.5%
Super Bowl Player % Correct
53Sony Michel
55.1%
52LeGarrette Blount
54.9%
17John Riggins
54.3%
7Larry Csonka
51.9%
8Larry Csonka
51.9%
24Roger Craig
50.4%
12Tony Dorsett
45.5%
13Tony Dorsett
45.5%
45Rashard Mendenhall
44%
41Dominic Rhodes
39.8%
31Dorsey Levens
36.4%
23Ickey Woods
35.8%
21Joe Morris
35.5%
30Byron Morris
35.4%
1Jim Taylor
32.8%
48Percy Harvin
30.7%
29Steve Young
28.6%
2Ben Wilson
22.1%
37Michael Pittman
16.5%
3Matt Snell
14.3%
14Wendell Tyler
11.1%
19Wendell Tyler
11.1%
15Mark Van Eeghen
7.1%
4Mike Garrett
6.7%
5Walt Garrison
6.3%
26Ricky Ervins
3.2%
16Ricky Patton
1.8%

From the Vault

Either/Or in 30: TV Actors

by MSUKent

Make sure to click quick!
Remove Ads.
Support Sporcle.
Get the best of Sporcle when you Go Orange. This ad-free experience offers more features, more stats, and more fun while also helping to support Sporcle. Thank you for becoming a member.

Show Comments

Extras

Top Quizzes Today


Score Distribution

Your Account Isn't Verified!

In order to create a playlist on Sporcle, you need to verify the email address you used during registration. Go to your Sporcle Settings to finish the process.

Report this User

Report this user for behavior that violates our Community Guidelines.

Details: